000 00862nmm a2200277 a 4500
001 ocm000589429
003 TR-IsHL
005 20201028121620.0
008 130705s2009 tu tur
007 cr cn
020 _a9789944490825
035 _a589429
_b(N$T)
050 0 4 _aPL248.T86
_bM5 2009
090 0 4 _aPL248.T86
_bM5 2009
100 1 _aTuna, İlkay
245 1 0 _aMiş'li geçmiş zaman söylenceleri
_h[electronic resource] /
_cİlkay Tuna
250 _a1. bs.
260 _aİstanbul :
_bSiyah Beyaz Yayınları,
_c2009
300 _a80 p.
650 4 _aDil ve Edebiyat
650 4 _aLanguage and Literature
650 0 _aTürk hikayeleri
650 0 _aTurkish story
650 7 _aLITERARY COLLECTIONS / Middle Eastern
_2bisacsh
856 4 0 _uhttp://search.ebscohost.com/login.aspx?direct=true&scope=site&db=e011xww&AN=589429
999 _c1421
_d1421